[Event "Pere Noel"]
[Site "Montreal CAN"]
[Date "2023.12.29"]
[Round "3.27"]
[White "St-Germain, Jack"]
[Black "Peloquin, Charli"]
[Result "1/2-1/2"]
[WhiteElo "1794"]
[BlackElo "1848"]
[PlyCount "86"]
[EventDate "2023.12.27"]
[EventType "swiss"]
[EventRounds "5"]
[EventCountry "CAN"]

1. e4 Nf6 2. e5 Nd5 3. d4 d6 4. Nf3 Nb6 5. a4 a5 6. Nc3 g6 7. exd6 cxd6 8. Bb5+
Bd7 9. O-O Bg7 10. Re1 O-O 11. Bg5 Re8 12. Bxd7 Qxd7 13. Qd3 Na6 14. Qb5 Qxb5
15. Nxb5 f6 16. Bh4 Nb4 17. Re2 Rac8 18. c3 N4d5 19. Bg3 f5 20. Rae1 f4 21. Bh4
Rc6 22. Bxe7 Rxe7 23. Rxe7 Nxe7 24. Rxe7 Nxa4 25. Rxb7 Nxb2 26. Rb8+ Bf8 27.
Ng5 d5 28. Nf3 a4 29. Ne5 Ra6 30. h4 Kg7 31. Rb7+ Kg8 32. Rb8 Kg7 33. Rb7+ Kh6
34. f3 g5 35. Ng4+ Kg6 36. Ne5+ Kf5 37. Rf7+ Rf6 38. Ra7 gxh4 39. Ra8 Be7 40.
Ra7 Bd6 41. Nd7 Rg6 42. Nxd6+ Rxd6 43. Nc5 Rc6 1/2-1/2

[Event "Pere Noel"]
[Site "Montreal CAN"]
[Date "2023.12.29"]
[Round "3.28"]
[White "Cottreau, Aiden"]
[Black "Liu, Lucas"]
[Result "1-0"]
[WhiteElo "1840"]
[BlackElo "1655"]
[PlyCount "109"]
[EventDate "2023.12.27"]
[EventType "swiss"]
[EventRounds "5"]
[EventCountry "CAN"]

1. d4 Nf6 2. c4 g6 3. Nc3 d5 4. Nf3 Bg7 5. cxd5 Nxd5 6. e4 Nxc3 7. bxc3 c5 8.
Be3 Nc6 9. Bb5 O-O 10. O-O Bg4 11. Bxc6 bxc6 12. h3 Bxf3 13. Qxf3 cxd4 14. cxd4
c5 15. dxc5 Bxa1 16. Rxa1 Qc7 17. Rd1 Rfd8 18. Rd5 Rab8 19. Bf4 Rb1+ 20. Kh2
Qc8 21. c6 Re8 22. Qd3 Rb6 23. c7 Rd6 24. Bxd6 exd6 25. Qc4 Re7 26. Rxd6 Qxc7
27. Qxc7 Rxc7 28. Ra6 Kf8 29. g4 h6 30. Kg3 Kg7 31. h4 Rd7 32. Kf4 f6 33. g5
fxg5+ 34. hxg5 h5 35. Kg3 Re7 36. f3 Rd7 37. a4 Rc7 38. Rf6 Rd7 39. e5 Rc7 40.
f4 Rc3+ 41. Kh4 Rc4 42. a5 Ra4 43. a6 Rc4 44. e6 Rc7 45. f5 Rc4+ 46. Kh3 Rc3+
47. Kg2 Rc2+ 48. Kf3 Rc3+ 49. Ke2 gxf5 50. Rf7+ Kg6 51. Rxa7 Rc8 52. Rb7 Ra8
53. a7 Kxg5 54. e7 h4 55. Rb8 1-0

[Event "Pere Noel"]
[Site "Montreal CAN"]
[Date "2023.12.29"]
[Round "3.29"]
[White "Duval, Mathieu"]
[Black "Yang, Jing Yao"]
[Result "1-0"]
[WhiteElo "1810"]
[BlackElo "1594"]
[PlyCount "65"]
[EventDate "2023.12.27"]
[EventType "swiss"]
[EventRounds "5"]
[EventCountry "CAN"]

1. d4 Nf6 2. c4 g6 3. Nf3 Bg7 4. Nc3 d5 5. e3 O-O 6. Bd2 c6 7. cxd5 cxd5 8. Bd3
Nc6 9. a3 Bg4 10. O-O e5 11. dxe5 Bxf3 12. Qxf3 Nxe5 13. Qe2 Nxd3 14. Qxd3 Qb6
15. Rab1 Qb3 16. Qb5 Qxb5 17. Nxb5 Ne4 18. Bb4 Rfd8 19. f3 a6 20. Nc7 Rac8 21.
fxe4 dxe4 22. Rfd1 Rxd1+ 23. Rxd1 Bxb2 24. Rd7 Be5 25. Nd5 Rc1+ 26. Kf2 Rc2+
27. Kf1 h5 28. Re7 Bxh2 29. Re8+ Kh7 30. Bc3 Rc1+ 31. Ke2 Kh6 32. Bf6 g5 33.
Ne7 1-0

[Event "Pere Noel"]
[Site "Montreal CAN"]
[Date "2023.12.29"]
[Round "3.30"]
[White "Tachijian, Mardig"]
[Black "Giroux, Robert"]
[Result "0-1"]
[WhiteElo "1825"]
[BlackElo "1758"]
[PlyCount "62"]
[EventDate "2023.12.27"]
[EventType "swiss"]
[EventRounds "5"]
[EventCountry "CAN"]

1. d4 Nf6 2. c4 c5 3. d5 e5 4. Nc3 d6 5. e4 Be7 6. f4 exf4 7. Bxf4 O-O 8. Nf3
Bg4 9. Be2 Bxf3 10. Bxf3 Nbd7 11. O-O Re8 12. Qc2 h6 13. Rf2 a6 14. Raf1 Bf8
15. h3 Qa5 16. Be2 Rab8 17. a4 Qd8 18. Bd3 b6 19. Ne2 Rb7 20. Ng3 g6 21. Bd2
Bg7 22. Bc3 Ne5 23. Bd2 Nh7 24. Be3 Qh4 25. Bf4 Ng5 26. Bxg5 Qxg3 27. Bf4 Qxd3
28. Qc1 Qxc4 29. Rc2 Qd4+ 30. Be3 Qxe4 31. Bxh6 Bxh6 0-1

[Event "Pere Noel"]
[Site "Montreal CAN"]
[Date "2023.12.29"]
[Round "3.31"]
[White "Cloutier, Eric"]
[Black "Duguay-Piron, Simon"]
[Result "1-0"]
[WhiteElo "1758"]
[BlackElo "1734"]
[PlyCount "52"]
[EventDate "2023.12.27"]
[EventType "swiss"]
[EventRounds "5"]
[EventCountry "CAN"]

1. e4 c5 2. Nc3 Nc6 3. g3 d6 4. Bg2 g6 5. d3 Bg7 6. Be3 Nf6 7. h3 e5 8. Nge2 a6
9. f4 Nd4 10. g4 b5 11. Ng3 Bb7 12. O-O b4 13. g5 bxc3 14. gxf6 Qxf6 15. bxc3
Nb5 16. a4 Nxc3 17. Qe1 exf4 18. e5 Qxe5 19. Bxf4 Qxe1 20. Raxe1+ Kd7 21. Bxb7
Ra7 22. Bg2 Nxa4 23. Bg5 Bd4+ 24. Kh1 f6 25. Bxf6 Bxf6 26. Rxf6 Raa8 1-0

[Event "Pere Noel"]
[Site "Montreal CAN"]
[Date "2023.12.30"]
[Round "4.2"]
[White "Tanaka, Tyler"]
[Black "Guillemette, Hugo"]
[Result "1/2-1/2"]
[WhiteElo "2336"]
[BlackElo "2116"]
[PlyCount "116"]
[EventDate "2023.12.27"]
[EventType "swiss"]
[EventRounds "5"]
[EventCountry "CAN"]

1. c4 e6 2. g3 c5 3. Bg2 Nf6 4. Nf3 Nc6 5. O-O Be7 6. d4 cxd4 7. Nxd4 d5 8.
cxd5 exd5 9. Nc3 O-O 10. Be3 Re8 11. Rc1 Bf8 12. Nxc6 bxc6 13. Na4 Bd7 14. Bc5
Bxc5 15. Nxc5 Rb8 16. Qd2 Qb6 17. b3 Bf5 18. Qf4 Bg6 19. e3 Rbd8 20. Qa4 h6 21.
Rfd1 a5 22. Qd4 Rb8 23. Qc3 Rec8 24. Rd4 Qa7 25. Ra4 Ra8 26. Bh3 Re8 27. Rd4
Qe7 28. Bg2 Bf5 29. Rf4 Be6 30. Ra4 Qc7 31. Nd3 Rec8 32. Nc5 Nd7 33. Nxd7 Qxd7
34. Rxa5 Rxa5 35. Qxa5 Qb7 36. Qc5 Qa6 37. Rc2 Bf5 38. Rd2 Rb8 39. h3 Qc8 40.
g4 Bg6 41. Qd6 Kh7 42. f4 f5 43. Rc2 fxg4 44. Rxc6 Qe8 45. hxg4 Qxe3+ 46. Kh2
Be4 47. Bxe4+ Qxe4 48. Qe5 Qf3 49. Qf5+ Kh8 50. Rc8+ Rxc8 51. Qxc8+ Kh7 52.
Qf5+ Kh8 53. Qf8+ Kh7 54. Qf5+ Kh8 55. Kg1 d4 56. Qf8+ Kh7 57. Qf5+ Kh8 58.
Qf8+ Kh7 1/2-1/2

[Event "Pere Noel"]
[Site "Montreal CAN"]
[Date "2023.12.30"]
[Round "4.4"]
[White "Sambuev, Bator"]
[Black "Hrivnak, Vladimir"]
[Result "1-0"]
[WhiteElo "2573"]
[BlackElo "2166"]
[PlyCount "45"]
[EventDate "2023.12.27"]
[EventType "swiss"]
[EventRounds "5"]
[EventCountry "CAN"]

1. d4 d5 2. c4 e6 3. Nc3 Nf6 4. Bg5 Be7 5. e3 O-O 6. Nf3 b6 7. Bd3 Bb7 8. O-O
dxc4 9. Bxc4 Ne4 10. Nxe4 Bxe4 11. Bxe7 Qxe7 12. Rc1 Rd8 13. Qe2 Nd7 14. Nd2
Bb7 15. Nb3 a5 16. Bb5 a4 17. Rxc7 axb3 18. Rxb7 bxa2 19. Ra1 Qd6 20. Qc4 Rdc8
21. Rxa2 Rxa2 22. Qxc8+ Nf8 23. Qe8 1-0

[Event "Pere Noel"]
[Site "Montreal CAN"]
[Date "2023.12.30"]
[Round "4.5"]
[White "Nicula, Marius"]
[Black "Adam, Rafael"]
[Result "0-1"]
[WhiteElo "2294"]
[BlackElo "2160"]
[PlyCount "184"]
[EventDate "2023.12.27"]
[EventType "swiss"]
[EventRounds "5"]
[EventCountry "CAN"]

1. Nf3 d5 2. g3 g6 3. d4 Bg7 4. Bg2 Nf6 5. O-O O-O 6. c4 c6 7. Qb3 a5 8. cxd5
a4 9. Qd1 cxd5 10. Nc3 Ne4 11. Nxa4 Qa5 12. Nc3 Nxc3 13. bxc3 Qxc3 14. Be3 Nc6
15. a4 Bf5 16. Qc1 Qc2 17. Nh4 Qxc1 18. Rfxc1 e6 19. Nxf5 gxf5 20. Rd1 Ra7 21.
Bf3 Rfa8 22. Rab1 Rxa4 23. Rxb7 Bxd4 24. Rc7 Bxe3 25. Rxc6 Bg5 26. Rc7 R4a7 27.
Rxa7 Rxa7 28. Kg2 Kg7 29. Rd3 Bf6 30. e3 Ra2 31. Rd1 Kg6 32. Rd3 Rb2 33. Bd1
Ra2 34. Bb3 Ra3 35. Bc2 Ra2 36. Bb3 Rb2 37. Bd1 Bd8 38. Rb3 Rd2 39. Bf3 Bf6 40.
Kf1 Ra2 41. Rd3 Be7 42. Rb3 Bc5 43. Rd3 Kf6 44. Rd1 h6 45. Be2 Ke5 46. Bf3 Rb2
47. Re1 Bb4 48. Re2 Rb1+ 49. Kg2 Bc5 50. Rc2 Kd6 51. Bh5 f6 52. Ra2 Rb8 53.
Ra6+ Bb6 54. Ra2 Ke7 55. Bf3 d4 56. exd4 Bxd4 57. Rd2 e5 58. Bh5 Ke6 59. Bf3
Rb2 60. Rxb2 Bxb2 61. Bd1 e4 62. Ba4 Ke5 63. Bc2 f4 64. gxf4+ Kxf4 65. Bd1 Be5
66. Be2 f5 67. Bd1 Bc7 68. Be2 Ke5 69. Bd1 Kd4 70. Be2 f4 71. h3 Bd8 72. Bh5
Kd3 73. Kf1 f3 74. Be8 Kd4 75. Bc6 Ke5 76. Bb7 Kf4 77. Bc6 Bh4 78. Bb7 h5 79.
Bc6 Bd8 80. Be8 h4 81. Bd7 Bb6 82. Bc6 Bd4 83. Bb7 Ba7 84. Bc6 Bd4 85. Bb7 Bxf2
86. Kxf2 e3+ 87. Kf1 Kg3 88. Bc6 f2 89. Bb5 Kxh3 90. Ke2 Kg2 91. Kxe3 h3 92.
Bc6+ Kg1 0-1

[Event "Pere Noel"]
[Site "Montreal CAN"]
[Date "2023.12.30"]
[Round "4.6"]
[White "Clyde, Jordan"]
[Black "Zheng, Richard"]
[Result "0-1"]
[WhiteElo "2250"]
[BlackElo "2263"]
[PlyCount "200"]
[EventDate "2023.12.27"]
[EventType "swiss"]
[EventRounds "5"]
[EventCountry "CAN"]

1. e4 c6 2. d3 d5 3. Be2 e5 4. Nf3 Nd7 5. O-O Ngf6 6. Nc3 dxe4 7. dxe4 Qc7 8.
Nd2 Bb4 9. Nc4 O-O 10. f3 Be7 11. Qe1 Rd8 12. Kh1 b5 13. Ne3 Nf8 14. a4 b4 15.
Nb1 Bc5 16. Bc4 Ne6 17. Qg3 Nh5 18. Qh4 Nhf4 19. Re1 Rb8 20. Qg3 Nd4 21. Nd2
Rd6 22. c3 bxc3 23. bxc3 Rg6 24. Ng4 Nc2 25. Nb3 Bd6 26. Qf2 Nxe1 27. Qxe1 Be6
28. Bxe6 Nxe6 29. Nd2 h5 30. Ne3 Bc5 31. Ndc4 Nf4 32. Qf1 h4 33. Ng4 Bd6 34.
Be3 Re6 35. Rd1 Ng6 36. Qf2 Rb3 37. Qc2 Rb7 38. a5 Rb5 39. Qf2 Rxa5 40. Nxa5
Qxa5 41. Qb2 Bc5 42. Ra1 Qb6 43. Qf2 Bxe3 44. Qxe3 Rd6 45. Qxb6 axb6 46. Kg1
Rd3 47. Ra8+ Kh7 48. Ra7 Rxc3 49. Rxf7 Rc1+ 50. Kf2 Rc2+ 51. Kf1 b5 52. g3 b4
53. Rb7 hxg3 54. hxg3 c5 55. Nf6+ Kh6 56. Nd5 Nf8 57. f4 exf4 58. gxf4 Rc4 59.
Rb5 g6 60. f5 Rxe4 61. Rxc5 gxf5 62. Nxb4 Rxb4 63. Rxf5 Nd7 64. Ke2 Kg6 65. Rd5
Nf6 66. Re5 Ng4 67. Rd5 Kf6 68. Rd8 Kf5 69. Kd2 Ke4 70. Kc3 Ra4 71. Rb8 Ra3+
72. Kb2 Rg3 73. Rg8 Kf5 74. Rf8+ Nf6 75. Kc2 Ke5 76. Rd8 Nd5 77. Rd7 Kd4 78.
Rd8 Rh3 79. Rd6 Rh2+ 80. Kb3 Kc5 81. Rd8 Rh3+ 82. Kc2 Kd4 83. Rd6 Rc3+ 84. Kb2
Rc5 85. Rh6 Kd3 86. Rh3+ Ne3 87. Kb3 Rb5+ 88. Ka4 Rb1 89. Ka5 Kd4 90. Rh4+ Kc5
91. Rh5+ Nd5 92. Ka4 Rb8 93. Rg5 Rf8 94. Kb3 Rf3+ 95. Kb2 Kc4 96. Rg4+ Nf4 97.
Rh4 Kb4 98. Kc2 Rf2+ 99. Kd1 Kc3 100. Rh8 Rf1# 0-1

[Event "Pere Noel"]
[Site "Montreal CAN"]
[Date "2023.12.30"]
[Round "4.7"]
[White "Jiang, Barron Jiyu"]
[Black "Ouellet, Maili-Jade"]
[Result "0-1"]
[WhiteElo "1971"]
[BlackElo "2325"]
[PlyCount "100"]
[EventDate "2023.12.27"]
[EventType "swiss"]
[EventRounds "5"]
[EventCountry "CAN"]

1. e4 c6 2. d4 d5 3. exd5 cxd5 4. Bd3 Nf6 5. h3 Nc6 6. Nf3 Nb4 7. O-O Nxd3 8.
Qxd3 e6 9. Bf4 Be7 10. Na3 O-O 11. Rac1 b6 12. Rfe1 Bb7 13. Nb1 Rc8 14. Nbd2
Ne4 15. Nf1 Qe8 16. N3d2 Qa4 17. b3 Qa5 18. Nxe4 dxe4 19. Qg3 Bf6 20. c3 Qxa2
21. Nd2 b5 22. Rxe4 b4 23. Ree1 bxc3 24. Rxc3 Bxd4 25. Rd3 Bf6 26. Nc4 Bd5 27.
Ne3 Qa5 28. Red1 Be4 29. Rd7 Rc3 30. b4 Qh5 31. f3 e5 32. Ng4 Bh4 33. Qh2 exf4
34. Qxf4 Bc6 35. Rxa7 Qg5 36. Qd4 Rc1 37. Ra5 Rxd1+ 38. Qxd1 Rd8 39. Qc2 Qd2
40. Qxd2 Rxd2 41. Rc5 Bd7 42. Kh2 Be7 43. Rc4 Rb2 44. Ne3 Rxb4 45. Rc2 h5 46.
Nd5 Bd6+ 47. g3 Rd4 48. Nb6 h4 49. f4 hxg3+ 50. Kxg3 Bxf4+ 0-1

[Event "Pere Noel"]
[Site "Montreal CAN"]
[Date "2023.12.30"]
[Round "4.8"]
[White "Lin, Leo"]
[Black "Chouchane, Amine"]
[Result "0-1"]
[WhiteElo "2236"]
[BlackElo "2000"]
[PlyCount "162"]
[EventDate "2023.12.27"]
[EventType "swiss"]
[EventRounds "5"]
[EventCountry "CAN"]

1. e4 e6 2. c3 d5 3. e5 c5 4. Nf3 Nc6 5. Na3 Nh6 6. Nc2 f6 7. d4 Nf7 8. exf6
Qxf6 9. Be2 cxd4 10. cxd4 Bd6 11. O-O O-O 12. Ne3 g5 13. Bd3 Qg7 14. Re1 Bd7
15. Ng4 h5 16. Nge5 Nfxe5 17. dxe5 Be7 18. Nxg5 Bxg5 19. Qxh5 Bf4 20. Bxf4 Rxf4
21. Re3 Rg4 22. g3 Kf8 23. h4 Be8 24. Qh7 Qxh7 25. Bxh7 Kg7 26. Bd3 Bg6 27. f4
Bxd3 28. Rxd3 Kg6 29. Kg2 Rg8 30. Kh3 Kf5 31. a3 a5 32. Rc1 Ke4 33. Rcd1 a4 34.
b4 Na7 35. Rd4+ Kf5 36. R4d3 Nb5 37. Rh1 R4g7 38. Kg2 Ke4 39. Rhd1 Rc7 40. Kh3
d4 41. h5 Rcg7 42. Kh4 Rg4+ 43. Kh3 Kf5 44. Rh1 Rh8 45. Kg2 Ke4 46. Rdd1 Nc3
47. Rde1+ Kf5 48. Kf3 Rhg8 49. Rh3 R4g7 50. h6 Rh7 51. g4+ Kg6 52. Reh1 Rd8 53.
Rh5 d3 54. f5+ Kf7 55. Kf4 d2 56. g5 Rd4+ 57. Ke3 exf5 58. Kxd4 d1=Q+ 59. Rxd1
Nxd1 60. e6+ Kg6 61. Rh2 f4 62. Ke4 Kxg5 63. Ke5 f3 64. Rh1 Nf2 65. Rf1 Ng4+
66. Kd6 f2 67. e7 Rxh6+ 68. Kd7 Rh8 69. e8=Q Nf6+ 70. Kc7 Nxe8+ 71. Kxb7 Rf8
72. Kc6 Kg4 73. Kb5 Kg3 74. Kxa4 Nd6 75. Ka5 Ra8+ 76. Kb6 Rxa3 77. Kc6 Ne4 78.
b5 Rc3+ 79. Kd5 Nc5 80. Kd4 Rc2 81. Ke3 Kg2 0-1

[Event "Pere Noel"]
[Site "Montreal CAN"]
[Date "2023.12.30"]
[Round "4.9"]
[White "Gueorguiev, Valentin"]
[Black "Batorshyn, Ilia	"]
[Result "0-1"]
[WhiteElo "1944"]
[BlackElo "2211"]
[PlyCount "74"]
[EventDate "2023.12.27"]
[EventType "swiss"]
[EventRounds "5"]
[EventCountry "CAN"]

1. d4 Nf6 2. Nf3 d5 3. Bf4 c5 4. e3 Nc6 5. Nbd2 cxd4 6. exd4 Bg4 7. c3 e6 8.
Bd3 Bd6 9. Bg3 O-O 10. O-O Bxg3 11. fxg3 e5 12. dxe5 Nxe5 13. Be2 Qb6+ 14. Kh1
Bxf3 15. Nxf3 Neg4 16. Qd4 Qxb2 17. Nd2 Nf2+ 18. Rxf2 Qxa1+ 19. Rf1 Qb2 20.
Rxf6 gxf6 21. h3 Rfc8 22. Qg4+ Kf8 23. Nf1 Qxc3 24. Qh5 Qe5 25. Qh6+ Ke7 26.
Qd2 Rc3 27. Kh2 Rg8 28. Bf3 h6 29. Qf2 h5 30. h4 Rgc8 31. Qd2 R8c4 32. Kh3 Qf5+
33. Kh2 Rxf3 34. Qe2+ Kf8 35. gxf3 Rc2 36. Nd2 Qe5 37. Qd3 Qc3 0-1

[Event "Pere Noel"]
[Site "Montreal CAN"]
[Date "2023.12.30"]
[Round "4.10"]
[White "Kot, Emanuel"]
[Black "Gagnon, Serge"]
[Result "1-0"]
[WhiteElo "2095"]
[BlackElo "1945"]
[PlyCount "65"]
[EventDate "2023.12.27"]
[EventType "swiss"]
[EventRounds "5"]
[EventCountry "CAN"]

1. e4 g6 2. d4 Bg7 3. Nc3 d6 4. f4 Nc6 5. Nf3 Bg4 6. Bb5 a6 7. Bxc6+ bxc6 8.
Be3 Nf6 9. h3 Bc8 10. Qd2 Rb8 11. O-O-O Nd7 12. g4 Nb6 13. Qd3 e6 14. Nd2 Qe7
15. Rdf1 f5 16. e5 Nd5 17. a3 O-O 18. g5 Bb7 19. Rh2 c5 20. Nxd5 exd5 21. Nf3
cxd4 22. Bxd4 c5 23. exd6 Qxd6 24. Be5 Bxe5 25. Nxe5 a5 26. Rd1 Qc7 27. h4 Rfc8
28. h5 c4 29. Qc3 gxh5 30. Rxh5 d4 31. Qxd4 Be4 32. g6 hxg6 33. Nxg6 1-0

[Event "Pere Noel"]
[Site "Montreal CAN"]
[Date "2023.12.30"]
[Round "4.11"]
[White "Deboosere, Adam"]
[Black "Wang, Derek"]
[Result "1/2-1/2"]
[WhiteElo "1907"]
[BlackElo "2066"]
[PlyCount "128"]
[EventDate "2023.12.27"]
[EventType "swiss"]
[EventRounds "5"]
[EventCountry "CAN"]

1. d4 Nf6 2. c4 e6 3. Nf3 d5 4. e3 Be7 5. Bd3 O-O 6. O-O c5 7. cxd5 Nxd5 8.
dxc5 h6 9. a3 Bxc5 10. b4 Be7 11. Bb2 Bf6 12. Qe2 Bxb2 13. Qxb2 Nxe3 14. Bh7+
Kxh7 15. fxe3 Nd7 16. Nc3 Nf6 17. Rad1 Qe7 18. Ne5 Kg8 19. Rd4 Qc7 20. Ng4 Nxg4
21. Rxg4 e5 22. Rg3 f6 23. Nd5 Qd8 24. e4 Be6 25. Qc1 Bxd5 26. Qxh6 Rf7 27.
exd5 Qxd5 28. Qh5 Qd4+ 29. Kh1 Rd8 30. Rh3 Kf8 31. Qf5 Ke7 32. Rg3 Kf8 33. Rh3
Qd7 34. Qf2 b6 35. Rh5 Qd3 36. Rh3 Qd5 37. Rh5 Rfd7 38. h3 Qe4 39. Rh4 Qd3 40.
Kh2 Rd4 41. Rc1 Kg8 42. Rxd4 Qxd4 43. Qxd4 exd4 44. Kg3 Kf7 45. Kf3 d3 46. Ke3
d2 47. Rd1 Ke6 48. Rxd2 Rxd2 49. Kxd2 Ke5 50. Ke3 b5 51. g3 g6 52. h4 f5 53.
Kf3 Ke6 54. Kf4 Kf6 55. g4 fxg4 56. Kxg4 Ke6 57. Kg5 Kf7 58. Kf4 Kf6 59. Kg4
Ke6 60. Kf4 Kf6 61. Ke4 Ke6 62. Kf4 Kf6 63. Kg4 Ke6 64. Kg5 Kf7 1/2-1/2

[Event "Pere Noel"]
[Site "Montreal CAN"]
[Date "2023.12.30"]
[Round "4.12"]
[White "Robichaud, Louis"]
[Black "Morteza, Arian"]
[Result "0-1"]
[WhiteElo "2030"]
[BlackElo "1944"]
[PlyCount "80"]
[EventDate "2023.12.27"]
[EventType "swiss"]
[EventRounds "5"]
[EventCountry "CAN"]

1. e4 c5 2. Nc3 g6 3. g3 Bg7 4. Bg2 Nc6 5. d3 d6 6. Nge2 Nf6 7. O-O a6 8. f4
Qc7 9. h3 h5 10. Be3 Bd7 11. d4 cxd4 12. Nxd4 b5 13. Nxc6 Bxc6 14. a3 Rc8 15.
f5 gxf5 16. Rxf5 Bd7 17. Rf2 Be6 18. Bd4 Rg8 19. Nd5 Bxd5 20. exd5 h4 21. gxh4
Ne4 22. Rf4 Bxd4+ 23. Qxd4 Qxc2 24. Qxe4 Qxb2 25. Re1 Rc7 26. Rg4 Rf8 27. Rg5
Qxa3 28. h5 Qc3 29. h6 f5 30. Rxf5 Rxf5 31. h7 Rf8 32. Re2 Qg3 33. Rc2 Rc3 34.
Rxc3 Qxc3 35. Qg6+ Kd8 36. Qg5 Qe1+ 37. Kh2 Qe5+ 38. Qxe5 dxe5 39. Bf1 Ke8 40.
Bd3 Kf7 0-1

[Event "Pere Noel"]
[Site "Montreal CAN"]
[Date "2023.12.30"]
[Round "4.13"]
[White "Brassard, Sylvain"]
[Black "Genzling, Jerome"]
[Result "0-1"]
[WhiteElo "1769"]
[BlackElo "2193"]
[PlyCount "120"]
[EventDate "2023.12.27"]
[EventType "swiss"]
[EventRounds "5"]
[EventCountry "CAN"]

1. d4 d5 2. Nf3 Nf6 3. c3 e6 4. Bf4 c5 5. e3 Nc6 6. Bd3 Be7 7. h3 O-O 8. Nbd2
c4 9. Bc2 b5 10. Ne5 Bb7 11. O-O b4 12. Nxc6 Bxc6 13. cxb4 Bxb4 14. a3 Be7 15.
b3 cxb3 16. Nxb3 Ba4 17. Bg5 Rc8 18. Bxf6 Bxf6 19. Nc5 Bxc2 20. Qxc2 Qa5 21.
Rfc1 Be7 22. Qc3 Qxc3 23. Rxc3 Rc7 24. Rac1 Rfc8 25. Na4 Rxc3 26. Rxc3 Rxc3 27.
Nxc3 a6 28. a4 Kf8 29. Kf1 Ke8 30. Ke2 Kd7 31. Kd3 Bb4 32. Kc2 Kd6 33. Kb3 Ba5
34. Kc2 h5 35. Kd3 e5 36. dxe5+ Kxe5 37. Ne2 Be1 38. f3 h4 39. Nd4 g5 40. Nc2
Ba5 41. Nd4 Bb6 42. Nc6+ Kd6 43. Nb4 a5 44. Nc2 Ke5 45. Na3 f5 46. Ke2 Kd6 47.
Kd3 Bc5 48. Nb5+ Ke5 49. Nc3 Bxe3 50. Kxe3 d4+ 51. Kd3 dxc3 52. Kxc3 Kf4 53.
Kc4 Kg3 54. Kb5 Kxg2 55. Kxa5 Kxh3 56. Kb5 Kg3 57. a5 h3 58. a6 h2 59. a7 h1=Q
60. a8=Q Qxf3 0-1

[Event "Pere Noel"]
[Site "Montreal CAN"]
[Date "2023.12.30"]
[Round "4.14"]
[White "Turcotte, Jonathan"]
[Black "Steinberg, Ellis"]
[Result "1-0"]
[WhiteElo "2041"]
[BlackElo "1928"]
[PlyCount "53"]
[EventDate "2023.12.27"]
[EventType "swiss"]
[EventRounds "5"]
[EventCountry "CAN"]

1. d4 Nf6 2. c4 g6 3. Nc3 Bg7 4. e4 d6 5. Be2 O-O 6. Nf3 e5 7. O-O Nc6 8. d5
Ne7 9. b4 Nh5 10. Re1 Nf4 11. Bf1 f5 12. Bxf4 exf4 13. e5 dxe5 14. Nxe5 a5 15.
a3 b6 16. c5 axb4 17. axb4 Rxa1 18. Qxa1 Bb7 19. c6 Bc8 20. Bc4 Kh8 21. Qb2 Ng8
22. Qd2 g5 23. Nb5 Nf6 24. d6 Ne4 25. Qd5 Nxd6 26. Nxd6 Qxd6 27. Qg8+ 1-0

[Event "Pere Noel"]
[Site "Montreal CAN"]
[Date "2023.12.30"]
[Round "4.15"]
[White "Charaf, Bassel"]
[Black "Cottreau, Aiden"]
[Result "1-0"]
[WhiteElo "2028"]
[BlackElo "1840"]
[PlyCount "49"]
[EventDate "2023.12.27"]
[EventType "swiss"]
[EventRounds "5"]
[EventCountry "CAN"]

1. d4 Nf6 2. Nf3 g6 3. g3 Bg7 4. Bg2 d6 5. O-O O-O 6. Nc3 Nbd7 7. e4 e5 8. h3
c6 9. Be3 Qe7 10. d5 c5 11. a4 Nh5 12. Nd2 Ndf6 13. Nc4 Ne8 14. a5 f5 15. exf5
Bxf5 16. g4 Qh4 17. Nd2 Nf4 18. Bxf4 exf4 19. Nf3 Qh6 20. gxf5 Rxf5 21. Re1 Nf6
22. Ne4 Nxd5 23. Nxd6 Rh5 24. Ne5 Ne7 25. Nef7 1-0

[Event "Pere Noel"]
[Site "Montreal CAN"]
[Date "2023.12.30"]
[Round "4.16"]
[White "Auersperg, Leo"]
[Black "Vezeau, Jonathan"]
[Result "0-1"]
[WhiteElo "1694"]
[BlackElo "2007"]
[PlyCount "144"]
[EventDate "2023.12.27"]
[EventType "swiss"]
[EventRounds "5"]
[EventCountry "CAN"]

1. e4 c5 2. Nf3 d6 3. d4 cxd4 4. Nxd4 Nf6 5. Nc3 a6 6. h4 e5 7. Nb3 Be6 8. Be2
Be7 9. f4 Qc7 10. f5 Bc4 11. g4 h6 12. Be3 Nbd7 13. Qd2 Bxe2 14. Qxe2 O-O-O 15.
O-O-O Qc6 16. Na5 Qc7 17. Nb3 Nb6 18. g5 Nfd7 19. a4 Qc4 20. Rd3 Kb8 21. a5 Na4
22. Nd5 Bf8 23. Qf2 Rc8 24. Kb1 hxg5 25. Bxg5 Qxe4 26. Re1 Qc4 27. Qg2 f6 28.
Re4 Qc6 29. Be3 Nac5 30. Nxc5 Nxc5 31. Bxc5 Qxc5 32. Qd2 Qg1+ 33. Ka2 Rc5 34.
Nb6 Ka7 35. b4 Rc6 36. Rc3 Be7 37. Rec4 Qh1 38. Nd5 Rxc4 39. Rxc4 Bd8 40. Qe3+
Kb8 41. Nb6 Bxb6 42. Qxb6 Qd5 43. Qc7+ Ka8 44. Kb2 Rb8 45. Rc3 Qd4 46. Kb3 e4
47. Rc4 Qd5 48. Qe7 Qxf5 49. Rxe4 Rc8 50. Qe6 Qf3+ 51. Re3 Qc6 52. c4 Rh8 53.
Rd3 Rxh4 54. Qxd6 Qxc4+ 55. Ka3 Qc1+ 56. Kb3 Rh8 57. Rc3 Qb1+ 58. Ka3 Qf5 59.
Qc7 g5 60. Qg7 Rd8 61. Qe7 Rb8 62. Qc7 Qe6 63. Rd3 f5 64. Rd8 Qe3+ 65. Ka4 Rxd8
66. Qxd8+ Ka7 67. Qf6 f4 68. Qxg5 Qd4 69. Qf5 Qc4 70. Ka3 Qc3+ 71. Ka4 f3 72.
Qe6 Qc6+ 0-1

[Event "Pere Noel"]
[Site "Montreal CAN"]
[Date "2023.12.20"]
[Round "4.17"]
[White "Mok, Yuen Tak"]
[Black "Duval, Mathieu"]
[Result "1-0"]
[WhiteElo "1990"]
[BlackElo "1810"]
[PlyCount "161"]
[EventDate "2023.12.27"]
[EventType "swiss"]
[EventRounds "5"]
[EventCountry "CAN"]

1. e4 c5 2. Nf3 Nc6 3. Bb5 g6 4. O-O Bg7 5. c3 Nf6 6. Re1 O-O 7. d4 cxd4 8.
cxd4 a6 9. Bd3 d6 10. h3 Nd7 11. Be3 Qb6 12. d5 Qxb2 13. dxc6 Qxa1 14. cxd7
Bxd7 15. Qb3 Qb2 16. Nbd2 Be6 17. Qxb2 Bxb2 18. Rb1 Bf6 19. a4 b5 20. axb5 axb5
21. Rxb5 Rfb8 22. Kf1 Rxb5 23. Bxb5 Bc8 24. Kg1 Rb8 25. Bc4 Rb4 26. Bd3 Bc3 27.
Kf1 Bd7 28. Ke2 Bb5 29. Bxb5 Rxb5 30. Kd3 Bxd2 31. Bxd2 f5 32. Bc3 fxe4+ 33.
Kxe4 Kf7 34. Bd2 Kg7 35. Be3 h6 36. h4 Ra5 37. g3 Rf5 38. Nd4 Re5+ 39. Kf3 g5
40. Nc6 Rf5+ 41. Kg4 e6 42. Nd4 Re5 43. hxg5 hxg5 44. Nf3 Ra5 45. Nxg5 Ra4+ 46.
Kf3 e5 47. Ne6+ Kf6 48. Nc7 Kf5 49. Nd5 e4+ 50. Ke2 Ke5 51. Nc3 Rc4 52. Bf4+
Ke6 53. Kd2 d5 54. Nb5 Rc5 55. Nd4+ Kf6 56. g4 Ra5 57. g5+ Kg6 58. Be3 Ra3 59.
Ke2 Ra1 60. Ne6 Ra2+ 61. Kf1 Ra3 62. Nd4 Rd3 63. Kg2 Rd1 64. Ne2 Ra1 65. Kg3 d4
66. Nxd4 Rg1+ 67. Kh2 Rg4 68. Ne2 Kh5 69. Ng3+ Kh4 70. Nf5+ Kh5 71. Kh3 Rh4+
72. Kg2 Rg4+ 73. Ng3+ Kh4 74. Kf1 Kh3 75. Ke2 Kg2 76. Nf5 Kh2 77. Ne7 Rh4 78.
g6 Rg4 79. Bd4 e3 80. Kxe3 Kh1 81. g7 1-0

[Event "Pere Noel"]
[Site "Montreal CAN"]
[Date "2023.12.30"]
[Round "4.19"]
[White "Giroux, Robert"]
[Black "Li, Yi Lin"]
[Result "0-1"]
[WhiteElo "1758"]
[BlackElo "2111"]
[Annotator ",hugh_brodie@hotmail."]
[PlyCount "109"]
[EventDate "2023.12.27"]
[EventType "swiss"]
[EventRounds "5"]
[EventCountry "CAN"]

1. Nf3 d5 2. g3 Nf6 3. Bg2 c5 4. O-O Nc6 5. d4 e6 6. c4 h6 7. cxd5 exd5 8. Nc3
Be7 9. h3 O-O 10. Be3 c4 11. Ne5 a6 12. Nxc6 bxc6 13. Qc2 a5 14. Rfd1 Ne8 15.
b3 Ba6 16. Bf4 f5 17. bxc4 Bxc4 18. e4 fxe4 19. Nxe4 a4 20. Be3 Qa5 21. Nd2 Bb5
22. Nf3 a3 23. Rdc1 Rf6 24. Ne5 Rd8 25. h4 Qc7 26. Bh3 c5 27. Ng6 c4 28. Nxe7+
Qxe7 29. Bg2 Nc7 30. Re1 Qd7 31. Qc3 Ra6 32. Bf4 Bc6 33. Re5 Ne6 34. Bc1 Qd6
35. Bh3 Bd7 36. Bxe6+ Bxe6 37. Qe3 Bf7 38. Bd2 Bg6 39. Re1 Rb8 40. Bc3 Be4 41.
f3 Bg6 42. h5 Bf7 43. Re2 Qd7 44. Kg2 Rab6 45. Ba5 Ra6 46. Bc3 Qd6 47. Qd2 Rab6
48. Qf4 Rf8 49. Qd2 Qf6 50. Ba5 Rb2 51. Qe3 Rb5 52. Bc3 Rb6 53. Ba5 Rb1 54.
Qxa3 Bxh5 55. Rf2 {Time/temps.} 0-1